000 00761nam a2200241Ia 4500
003 OSt
005 20220923212452.0
006 a|||||r|||| 00| 0
007 ta
008 220922b |||||||| |||| 00| 0 hin d
024 _a153,294
037 _cTextual
040 _aARTS
_cARTS
_bhin
041 _2hin
_ahin
082 _aO152v, N4
100 _aशरण
_9159533
245 0 _aहिन्दी साहित्य विकास औस प्रवृतियॉं
246 _aHindī sāhitya vikās aus pravṛutiyaॉan
260 _aदिल्ली
_b सूर्य भारती प्रकाशन
_c1994
300 _a112 पृ.
_ccm.
942 _hO152v, N4
_cTEXL
_2CC
999 _c308941
_d308941